00804nam a2200217 a 450000100060000000300080000600500170001400800410003103500190007204000310009104100080012208200260013010000300015624501220018626000330030830000360034150000200037750000750039750000620047265000520053473848BD-RJUL20211209082444.0170613s1886 mauk s 001 0 eng d a(BD-RJUL)74066 aGMOMLcGMOMLbengdBD-RJUL aeng 223a343.076bAUL 18861 aAustin, Henryd1858-1918.14aThe law concerning farms, farmers and farm laborersbtogether with the game laws of all the states /cby Henry Austin aBoston :bC.C. Soule,c1886. axxxii, 256 p. :bill. ;c22 cm. aIncludes index. a"Requirements as to deeds throughout the United States"--P. [211]-226. aReproduction of original from Harvard Law School Library. 0aAgricultural laborersx-Legal status, laws, etc